Divanü Lûgat-it-Türk tercümesi (Record no. 1540)

MARC details
000 -BAŞLIK
Sabit Uzunlukta Kontrol Alanı 00680na a2200241 4500
001 - KONTROL NUMARASI
Denetim Alanı 17243
003 - KONTROL NUMARASI IDENTIFIER
Denetim Alanı MIRAKIL
005 - SON İŞLEM TARİHİ VE ZAMANI
Denetim Alanı 20181213154826.0
008 - SABİT-BOY VERİ ELEMANLARI - GENEL BİLGİLER
Sabit Uzunlukta Kontrol Alanı 161024b tu 000 0
035 ## - SİSTEM KONTROL NUMARASI
Sistem Kontrol Numarası 17243
040 ## - KATALOGLAMA KAYNAK
Orijinal Kataloglama Ajansı Milas
Kataloglama Dili tur
Metne Dönüştürmek Ajansı TR-AnCHP
041 ## - DİL KODU
Metin / Ses Parça Veya Ayrı Başlığın Dil Kodu tur
082 ## - DEWEY ONLU SINIFLANDIRMA NUMARASI
Sınıflandırma Numarası DAN 417.0203
Ürün Numarası K27d 1939
090 ## - SINIFLAMA NUMARASI
Sınıflama Numarası DAN 417.0203 K27d 1939
100 ## - ANA GİRİŞ - KİŞİSEL İSİM
Kişisel Ad Kaşgarlı Mahmud
245 ## - BAŞLIK TABLOSU
Başlık Divanü Lûgat-it-Türk tercümesi
Sorumluluk Tablosu, Vb Kaşgarlı Mahmud ; çeviren Besim Atalay
246 ## - UNVAN FORM VARYING
Başlık Doğru / Kısa Başlığı Divanü Lugat-it-Türk tercümesi
260 ## - YAYIN, DAĞITIM, VB
Yayın, Dağıtım, Vb Yeri Ankara
Yayıncı, Dağıtıcı, Vs Adı Türk Dil Kurumu
Yayın, Dağıtım, Vb Tarihi 1939
300 ## - FİZİKSEL TANIM
Kapsam 3 c.
Boyutlar 23 sm.
650 ## - KONU KATMA GİRİŞ - TOPİKAL DÖNEM
Topikal Süreli Veya Coğrafi Ad Giriş Elemanı Türk dili
Genel Alt Bölümü Sözlük
700 ## - KATMA GİRİŞ - KİŞİSEL İSİM
Kişisel Ad Atalay, Besim
942 ## - EKLENDİ GİRİŞ ELEMANLARI (KOHA)
Sınıflandırma Veya Raf Düzeni Kaynak Dewey Decimal Classification
Koha Öğesi Türü Books
999 ## - SİSTEM KONTROL NUMARALARI (KOHA)
Koha Biblionumber 1540
Koha Biblioitemnumber 1540
Holdings
Kalıcı Konum Mevcut Konum Edinme Tarihi Edinim Kaynak Toplam Check-Out'Lar Tam Çağrı Numarası Barkod Tarih Son Görülme İtibaren Geçerli Fiyatlar Koha Öğesi Türü Seri Numaralandırma / Kronolojik
CHP Kütüphanesi CHP Kütüphanesi 10/23/2016 Bağış   DAN 417.0203 K27d 1939 007089 10/23/2016 10/23/2016 Books  
CHP Kütüphanesi CHP Kütüphanesi 10/24/2016 Bağış   DAN 417.0203 K27d 1939 007090 10/24/2016 10/24/2016 Books  
CHP Kütüphanesi CHP Kütüphanesi 10/24/2016 Bağış   DAN 417.0203 K27d 1939 007091 10/24/2016 10/24/2016 Books c.2